000
00398 a2200145 4500
245
_a
Les Troubles des conduites alimentaires : résultats d'une enquête épidémiologique réalisés dans le Sud-Nante-Marne
100
_a
Ledoux, S.
700
_a
Choquet, M.
260
_c
1991
300
_a
73 p.
035
_a
6817
999
_c
18082
_d
18082